Представление документа в формате MARC21

ПолеНазваниеЗначение
  Тип записи a
  Библиографический уровень m
001 Контрольный номер RU\infra-m\znanium\bibl\2244496
005 Дата корректировки 20260429142103.1
008 Кодируемые данные 260226s2026 RU g rus u
020 Индекс ISBN __
a ISBN 978-5-7782-5440-4
040 Источник каталогиз. __
a Служба первич. каталог. Общество с ограниченной ответственностью «ЗНАНИУМ»
041 Код языка издания __
a Код языка текста rus
044 Код страны публикации __
a Код страны публикации RU
080 Индекс УДК __
a Индекс УДК 519
084 Индекс другой классификации/Индекс ББК __
2 Источник индекса rubbk
a Индекс другой классификации/Индекс ББК 221
084 Индекс другой классификации/Индекс ББК __
2 Источник индекса okso
a Индекс другой классификации/Индекс ББК 09.03.01
084 Индекс другой классификации/Индекс ББК __
2 Источник индекса okso
a Индекс другой классификации/Индекс ББК 27.03.04
100 Автор __
a Автор Веретельникова Е.Л.
q Полное имя Веретельникова Евгения Леонидовна
u Дополнение Новосибирский государственный технический университет
245 Заглавие __
a Заглавие Теория вероятностей. Системы случайных величин. Функции случайных величин
b Продолж. заглавия Учебное пособие
c Ответственность Новосибирский государственный технический университет
250 Сведения об издании __
a Основные сведения об издании 1
260 Выходные данные __
a Место издания Новосибирск
b Издательство Новосибирский государственный технический университет (НГТУ)
c Дата издания 2025
300 Физическое описание __
a Объем 104 с.
520 Аннотация __
a Аннотация Теоретический материал в пособии подразделен на три темы и сгруппирован таким образом чтобы одна тема изучалась на одном аудиторном занятии. Приведены примеры решения задач по теории вероятностей и предлагаются упражнения для самостоятельной работы. Пособие предназначено для практических занятий студентов первого курса АВТФ направлений подготовки 09.03.01 «Информатика и вычислительная техника» и 27.03.04 «Управление в технических системах» дневной формы обучения а также может быть полезно студентам других специальностей в том числе заочной формы обучения изучающих дисциплину «Теория вероятностей и математическая статистика».
521 Примеч. о цел. назн. __
a Примеч. о целев. назн. ВО - Бакалавриат
650 Тематические рубрики __
a Основная рубрика Физико-математические науки
x Основная подрубрика Теория вероятностей. Математическая статистика
655 Указ. предметных рубрик (устаревшее) __
a Жанр/ форма (устаревшее) Учебное пособие
700 Другие авторы __
a Другие авторы Перевозчикова И.В.
q Полное имя Перевозчикова Ирина Викторовна
u Дополнение Новосибирский государственный технический университет
856 Электронный адрес документа 4_
a Имя сервера/домена znanium.ru
m Помощь ebs_support@infra-m.ru
n Местонахождение сервера НИЦ ИНФРА-М
u URL https://znanium.ru/catalog/document?id=479171
856 Электронный адрес документа 48
a Имя сервера/домена znanium.ru
d Путь /cover/2244
f Электронное имя 2244496.jpg
q Тип электронного формата image/jpeg
u URL https://znanium.ru/cover/2244/2244496.jpg
911 __
u 0030=https://znanium.ru/catalog/document?id=479171